00450nam a2200157Ia 4500001000500000005001700005008004100022041000800063082001800071100003600089245011500125260000900240300002700249650000800276654000800284487020260306145826.0260306t2012||||xx |||||||||||||| ||spa|| aESP a330.985bI24A aJaramillo Baanante, MigueleAUT 0aAjuste del mercado laboral peruano ante cambios en el salario mínimo:bla experiencia de la década de 2000 c2012 a79 páginas :c23 cm. aGEN aCAN